Medallero de los Juegos Olímpicos - Vóley playa - Estadísticas

Estadísticas generales
  • Esta prueba ha sido intentada 36 veces
  • La puntuación promedio es 10 de 14
Estadísticas de respuestas
Total Oro Plata Bronce País % Correcto
13 3 7 3 Brasil
100%
11 7 2 2 Estados Unidos
94%
1 0 1 0 España
88%
1 0 1 0 Italia
88%
2 0 1 1 China
81%
3 2 0 1 Alemania
78%
1 0 1 0 Rusia
78%
1 0 0 1 Canadá
75%
3 1 1 1 Australia
69%
1 1 0 0 Noruega
59%
1 0 0 1 Países Bajos
56%
2 0 0 2 Suiza
50%
1 0 0 1 Letonia
22%
1 0 0 1 Catar
16%
No se encontraron pruebas coincidentes
Distribución de puntuación
Porcentaje de gente con cada puntuación
Porcentaje por número respondido
Historial de tus puntuaciones
No has intentado esta prueba.